[Event "II Festival A"]
[Site "Erba ITA"]
[Date "2008.04.18"]
[Round "1"]
[White "Annoni, Riccardo"]
[Black "Borgo, Giulio"]
[Result "0-1"]
[WhiteElo "2068"]
[BlackElo "2453"]
[PlyCount "82"]
[EventDate "2008.04.18"]

1. d4 d5 2. c4 e6 3. Nc3 Nf6 4. cxd5 exd5 5. Bg5 c6 6. e3 Nbd7 7. Bd3 Be7 8.
Nf3 Nh5 9. Bxe7 Qxe7 10. O-O g6 11. Rb1 a5 12. a3 O-O 13. b4 Nhf6 14. Qc2 Rd8
15. Na4 Ne4 16. Rfc1 axb4 17. axb4 b5 18. Nc5 Nd6 19. Ra1 Rxa1 20. Rxa1 Nb6 21.
Ne5 Qc7 22. Qa2 f6 23. Nf3 Bd7 24. e4 Ra8 25. Qb1 Rxa1 26. Qxa1 dxe4 27. Nxe4
Nxe4 28. Bxe4 Be6 29. h3 Bd5 30. Bxd5+ Nxd5 31. Qa5 Qd6 32. Qa8+ Kg7 33. Qa7+
Qe7 34. Qxe7+ Nxe7 35. Ne1 Kf7 36. Kf1 Ke6 37. Ke2 Nd5 38. Nc2 Nf4+ 39. Kf3 g5
40. g3 Nxh3 41. Kg2 g4 0-1

[Event "II Festival A"]
[Site "Erba ITA"]
[Date "2008.04.19"]
[Round "2"]
[White "Liscio, Giovanni"]
[Black "Annoni, Riccardo"]
[Result "1/2-1/2"]
[WhiteElo "1969"]
[BlackElo "2068"]
[PlyCount "88"]
[EventDate "2008.04.18"]

1. d4 d5 2. c4 dxc4 3. Nc3 a6 4. a4 Nc6 5. e3 e5 6. d5 Na5 7. e4 Nf6 8. Bg5 h6
9. Bh4 Bb4 10. Qc2 O-O 11. Nf3 Re8 12. Nd2 c6 13. dxc6 Nxc6 14. Bxc4 Be6 15.
Bxe6 Rxe6 16. Rd1 Nd4 17. Qd3 Qa5 18. Bxf6 Rxf6 19. O-O Rc8 20. Nd5 Re6 21. Nc4
Qc5 22. Nxe5 Rxe5 23. Qxd4 Qxd4 24. Rxd4 Bc5 25. Rdd1 Rxe4 26. Rfe1 Rce8 27.
Kf1 Kf8 28. b3 R8e5 29. Rxe4 Rxe4 30. f3 Re5 31. b4 Ba7 32. Rd3 f6 33. Nc3 Ke7
34. Ne4 b5 35. axb5 Rxb5 36. Nd6 Rb8 37. Nf5+ Kf7 38. Rd7+ Ke6 39. Rxa7 Kxf5
40. Rxg7 Rxb4 41. Ra7 Kf4 42. Rxa6 Rb1+ 43. Kf2 Rb2+ 44. Kf1 Rb1+ 1/2-1/2

[Event "II Festival A"]
[Site "Erba ITA"]
[Date "2008.04.19"]
[Round "3"]
[White "Annoni, Riccardo"]
[Black "Grassetto, Gilberto"]
[Result "1-0"]
[WhiteElo "2068"]
[BlackElo "1900"]
[PlyCount "131"]
[EventDate "2008.04.18"]

1. e4 c5 2. Nc3 d6 3. g3 e6 4. Bg2 Nf6 5. d3 Be7 6. f4 Nbd7 7. Nf3 Rb8 8. O-O
b5 9. h3 b4 10. Ne2 Bb7 11. g4 O-O 12. Ng3 Qc7 13. g5 Ne8 14. b3 g6 15. Nh2 f5
16. Bb2 Ng7 17. a4 a5 18. Qd2 Rbe8 19. h4 d5 20. exf5 Nxf5 21. Ng4 d4 22. Nxf5
exf5 23. Nh6+ Kg7 24. Rae1 Nb6 25. Qf2 Bxg2 26. Rxe7+ Qxe7 27. Bxd4+ cxd4 28.
Qxd4+ Rf6 29. Kxg2 Qb7+ 30. Kf2 Nd5 31. Re1 Rxe1 32. Kxe1 Qe7+ 33. Kd2 Qe6 34.
Qa7+ Rf7 35. Nxf7 Qxf7 36. Qxa5 h6 37. Qc5 hxg5 38. hxg5 Qe6 39. Qd4+ Kf7 40.
a5 Qd6 41. a6 Ke6 42. a7 Nb6 43. Ke3 Nd5+ 44. Kf3 Nb6 45. Qxb6 Qxb6 46. a8=Q
Qg1 47. Qc6+ Ke7 48. Qf6+ Kd7 49. Qf7+ Kd8 50. Qf8+ Kd7 51. Qxb4 Qd1+ 52. Ke3
Qc1+ 53. Qd2 Qg1+ 54. Qf2 Qc1+ 55. Kd4 Qa1+ 56. Kc4 Qa6+ 57. Kc3 Qa1+ 58. Kb4
Qh1 59. Qd4+ Ke8 60. Qe5+ Kd7 61. Qg7+ Kd8 62. Qxg6 Qe1+ 63. Kc4 Qc1 64. Qxf5
Qxc2+ 65. Kb4 Qd2+ 66. Kb5 1-0

[Event "II Festival A"]
[Site "Erba ITA"]
[Date "2008.04.20"]
[Round "4"]
[White "Annoni, Riccardo"]
[Black "Ljubisavljevic, Zivojin Z."]
[Result "1-0"]
[WhiteElo "2068"]
[BlackElo "2267"]
[PlyCount "79"]
[EventDate "2008.04.18"]

1. d4 Nf6 2. Bg5 Ne4 3. Bf4 c5 4. f3 Nf6 5. dxc5 Na6 6. e4 Nxc5 7. Nc3 d6 8.
Qd2 Ne6 9. Be3 g6 10. O-O-O Bg7 11. g4 O-O 12. Bh6 Qa5 13. Kb1 Bxh6 14. Qxh6
Qg5 15. Qxg5 Nxg5 16. h4 Ne6 17. g5 Nd7 18. Nd5 Re8 19. Bh3 Ndc5 20. Ne2 Rb8
21. Nec3 b5 22. b4 Na6 23. f4 Nec7 24. h5 Nxd5 25. Nxd5 Bb7 26. hxg6 hxg6 27.
Bd7 Bxd5 28. exd5 Red8 29. Rh6 Kg7 30. Rdh1 Rg8 31. a3 Nc7 32. Bc6 Kf8 33. Rh7
e6 34. dxe6 Nxe6 35. Bd5 Re8 36. Bc6 Re7 37. Rd1 Rc7 38. Bxb5 Nxf4 39. Rxd6 Ne6
40. Rxe6 1-0

[Event "II Festival A"]
[Site "Erba ITA"]
[Date "2008.04.20"]
[Round "5"]
[White "Dobrev, Nanko"]
[Black "Annoni, Riccardo"]
[Result "1-0"]
[WhiteElo "2402"]
[BlackElo "2068"]
[PlyCount "57"]
[EventDate "2008.04.18"]

1. d4 d5 2. Nf3 Nf6 3. c4 c6 4. Nc3 e6 5. cxd5 exd5 6. Qc2 Nbd7 7. Bg5 Be7 8.
e3 O-O 9. Bd3 Re8 10. O-O Nf8 11. Rab1 a5 12. a3 Bg4 13. Ne5 Bh5 14. b4 axb4
15. axb4 Ng4 16. Bxe7 Qxe7 17. Nxg4 Bxg4 18. b5 Qh4 19. bxc6 bxc6 20. Bf5 Bxf5
21. Qxf5 Re6 22. Rb7 Rf6 23. Qe5 Ra3 24. Nd1 Ra1 25. h3 Ra8 26. Nb2 Rg6 27. Nd3
Qxh3 28. Nf4 Qc8 29. Rc7 1-0

[Event "C.to Regionale Piemonte"]
[Site "Torino ITA"]
[Date "2008.04.20"]
[Round "1"]
[White "Barletta, Mauro"]
[Black "Leoni, Alessandro"]
[Result "1-0"]
[WhiteElo "2205"]
[BlackElo "1897"]
[PlyCount "53"]
[EventDate "2008.04.20"]

1. e4 c5 2. Nf3 a6 3. g3 Nc6 4. Bg2 d6 5. O-O Nf6 6. Re1 e6 7. c3 Be7 8. d4 e5
9. h3 O-O 10. d5 Na5 11. Nbd2 b5 12. b4 Nb7 13. Rb1 Bd7 14. Nf1 a5 15. a3 axb4
16. axb4 Ra4 17. g4 Qc8 18. Ng3 h5 19. g5 Nh7 20. Kh2 h4 21. Nxh4 Nxg5 22. Nhf5
Bxf5 23. Nxf5 Bf6 24. Qg4 g6 25. Bxg5 gxf5 26. exf5 Bh8 27. Bf6+ 1-0

[Event "C.to Regionale Piemonte"]
[Site "Torino ITA"]
[Date "2008.04.20"]
[Round "1"]
[White "Berutti, Mario"]
[Black "Sola, Giuseppe"]
[Result "0-1"]
[WhiteElo "1757"]
[BlackElo "1989"]
[PlyCount "72"]
[EventDate "2008.04.20"]

1. e4 c5 2. d4 e6 3. c3 Nf6 4. Bg5 h6 5. Bxf6 Qxf6 6. Nf3 d6 7. Bd3 Nc6 8. O-O
Bd7 9. d5 Ne5 10. Nxe5 Qxe5 11. f4 Qf6 12. dxe6 Qxe6 13. Nd2 Be7 14. Bc4 Qg6
15. f5 Qf6 16. Nf3 Bc6 17. Qe2 O-O 18. Rad1 Rfe8 19. e5 Bxf3 20. Qxf3 dxe5 21.
Qxb7 Rab8 22. Qd7 Red8 23. Qa4 Rxd1 24. Rxd1 Qg5 25. Bb3 Qe3+ 26. Kf1 c4 27.
Qxc4 Bc5 28. Qh4 Qg1+ 29. Ke2 Qxg2+ 30. Ke1 Qg1+ 31. Ke2 Qe3+ 32. Kf1 Qf3+ 33.
Ke1 Qxf5 34. Ke2 Rf8 35. Kd2 Bf2 36. Rf1 Qd7+ 0-1

[Event "C.to Regionale Piemonte"]
[Site "Torino ITA"]
[Date "2008.04.20"]
[Round "1"]
[White "Cavaliere, Simone"]
[Black "Saccona, Silvano"]
[Result "0-1"]
[WhiteElo "1895"]
[BlackElo "2178"]
[PlyCount "74"]
[EventDate "2008.04.20"]

1. e4 c6 2. d4 d5 3. Nd2 dxe4 4. Nxe4 Nf6 5. Ng5 Bg4 6. N1f3 Bxf3 7. Nxf3 Nbd7
8. Bd3 e6 9. O-O Bd6 10. Qe2 O-O 11. Ne5 c5 12. c3 cxd4 13. cxd4 Nb6 14. Bg5
Nbd5 15. Rad1 Rc8 16. a3 Rc7 17. Bb1 Qb8 18. Qd3 g6 19. Ba2 Rfc8 20. Qf3 Kg7
21. Bxd5 Nxd5 22. Ng4 f5 23. Bh6+ Kg8 24. Qe2 Re7 25. Ne5 Bxe5 26. dxe5 Rc6 27.
Rc1 Rec7 28. Rxc6 Rxc6 29. h4 Qc7 30. Qd2 Rc2 31. Qg5 Qe7 32. Qg3 Kf7 33. h5
Rc4 34. f4 Qc5+ 35. Kh2 Ne3 36. Re1 Ng4+ 37. Kh1 Nxh6 0-1

[Event "C.to Regionale Piemonte"]
[Site "Torino ITA"]
[Date "2008.04.20"]
[Round "1"]
[White "Finocchiaro, Gianluca"]
[Black "Medaglia, Enzo"]
[Result "1/2-1/2"]
[WhiteElo "1991"]
[BlackElo "1820"]
[PlyCount "65"]
[EventDate "2008.04.20"]

1. e4 c5 2. c3 d6 3. Nf3 Nc6 4. d4 cxd4 5. cxd4 e6 6. Nc3 g6 7. d5 exd5 8. Nxd5
Bg7 9. Bc4 Nge7 10. O-O O-O 11. Bg5 Be6 12. Nxe7+ Nxe7 13. Bb3 Qd7 14. e5 d5
15. Qe2 Rfd8 16. Rfd1 a5 17. a4 h6 18. Be3 Nc6 19. Qd2 g5 20. Bb6 Re8 21. Bxd5
Bxd5 22. Qxd5 Qxd5 23. Rxd5 g4 24. Nh4 Rxe5 25. Rxe5 Bxe5 26. Rd1 Bxb2 27. Nf5
h5 28. Rd7 Re8 29. Be3 Re4 30. Nh6+ Kg7 31. Rxf7+ Kg6 32. Rxb7 Rxa4 33. g3
1/2-1/2

[Event "C.to Regionale Piemonte"]
[Site "Torino ITA"]
[Date "2008.04.20"]
[Round "1"]
[White "Fortino, Fabrizio"]
[Black "Fittante, Giuliana"]
[Result "1-0"]
[WhiteElo "2079"]
[BlackElo "1854"]
[PlyCount "55"]
[EventDate "2008.04.20"]

1. e4 Nf6 2. Nc3 d5 3. exd5 Nxd5 4. Bc4 e6 5. Nf3 Be7 6. O-O O-O 7. d4 c6 8.
Qe2 Nd7 9. Re1 Bb4 10. Bd2 N7b6 11. Bd3 Nf6 12. a3 Be7 13. Rad1 Qc7 14. Ne4
Nxe4 15. Qxe4 g6 16. c4 Bf6 17. h4 Bd7 18. h5 c5 19. hxg6 hxg6 20. dxc5 Na4 21.
Bg5 Bc6 22. Qh4 Bxb2 23. Bf4 Qc8 24. Ng5 Kg7 25. Qh7+ Kf6 26. Nxf7 Rxf7 27.
Bg5+ Kxg5 28. Qxg6+ 1-0

[Event "C.to Regionale Piemonte"]
[Site "Torino ITA"]
[Date "2008.04.20"]
[Round "1"]
[White "Gallucci, Alessio"]
[Black "Militello, Michele"]
[Result "1-0"]
[WhiteElo "2175"]
[BlackElo "1893"]
[PlyCount "81"]
[EventDate "2008.04.20"]

1. e4 d6 2. d4 Nf6 3. Nc3 Nbd7 4. f4 e5 5. Nf3 exd4 6. Qxd4 c6 7. Be3 d5 8. e5
Bc5 9. Qd2 Ng4 10. Bxc5 Nxc5 11. O-O-O Qb6 12. Nd4 Ne6 13. Nf5 Qf2 14. Be2 h5
15. h3 Nh6 16. Nxh6 Rxh6 17. Nxd5 Qh4 18. f5 cxd5 19. Bb5+ Kf8 20. Qxd5 Nc7 21.
Qc5+ Kg8 22. Qxc7 Bxf5 23. Bc4 Qf4+ 24. Rd2 Rc8 25. Qxf7+ Kh8 26. Rf1 Qxc4 27.
Qxf5 Qe6 28. Rd6 Qxf5 29. Rxf5 Rxd6 30. exd6 g6 31. Rf7 Rd8 32. Rxb7 Rxd6 33.
Rxa7 Rf6 34. b4 Rf1+ 35. Kb2 Rf2 36. g4 Rf4 37. gxh5 Rxb4+ 38. Kc3 Rh4 39. hxg6
Rxh3+ 40. Kb4 Rg3 41. g7+ 1-0

[Event "C.to Regionale Piemonte"]
[Site "Torino ITA"]
[Date "2008.04.20"]
[Round "1"]
[White "Giacomasso, Enrico"]
[Black "Rasulo, Stefano"]
[Result "1-0"]
[WhiteElo "1970"]
[BlackElo "1614"]
[PlyCount "83"]
[EventDate "2008.04.20"]

1. e4 e6 2. d4 d5 3. Nd2 dxe4 4. Nxe4 Be7 5. Nf3 Nd7 6. Bd3 Ngf6 7. Ng3 b6 8.
O-O Bb7 9. Qe2 O-O 10. Rd1 c5 11. dxc5 Bxc5 12. Bg5 Qc7 13. Ne4 Nxe4 14. Bxe4
Bxe4 15. Qxe4 h6 16. Bf4 Qc8 17. Ne5 Nf6 18. Qf3 Rd8 19. Bxh6 Qc7 20. Bf4 Bd6
21. Rxd6 Qxd6 22. Nxf7 Qd7 23. Nxd8 Rxd8 24. h3 Rf8 25. Rd1 Qc8 26. Qe2 Nd5 27.
Be5 Qc6 28. c4 Nf4 29. Bxf4 Rxf4 30. Rd8+ Kf7 31. Qh5+ Ke7 32. Qg5+ Rf6 33.
Qxg7+ Rf7 34. Qg5+ Rf6 35. Rh8 Qe4 36. Rg8 Qe1+ 37. Kh2 Qxf2 38. Rg7+ Kd6 39.
Rxa7 Qxb2 40. Qg3+ e5 41. Qg7 Rf2 42. Qe7+ 1-0

[Event "C.to Regionale Piemonte"]
[Site "Torino ITA"]
[Date "2008.04.20"]
[Round "1"]
[White "Gussone, Claudio"]
[Black "Sorcinelli, Francesco"]
[Result "0-1"]
[WhiteElo "1853"]
[BlackElo "2078"]
[PlyCount "46"]
[EventDate "2008.04.20"]

1. d4 f5 2. Nf3 Nf6 3. c4 d6 4. Nc3 g6 5. b3 Bg7 6. Bb2 O-O 7. g3 Qe8 8. d5 Na6
9. Qd2 c6 10. Bg2 Nc7 11. O-O Rb8 12. Rfe1 h6 13. e4 fxe4 14. Nxe4 Nxe4 15.
Rxe4 Bxb2 16. Qxb2 cxd5 17. Rh4 h5 18. Qd2 Qf7 19. Ng5 Qf6 20. cxd5 Qxa1+ 21.
Bf1 Bd7 22. Qc2 Bf5 23. Ne4 Rbc8 0-1

[Event "C.to Regionale Piemonte"]
[Site "Torino ITA"]
[Date "2008.04.20"]
[Round "1"]
[White "Loccisano, Giuseppe"]
[Black "Martin, Tiziano"]
[Result "0-1"]
[WhiteElo "1700"]
[BlackElo "1977"]
[PlyCount "64"]
[EventDate "2008.04.20"]

1. e4 e6 2. d4 d5 3. e5 c5 4. c3 Qb6 5. Nf3 Bd7 6. Bd3 cxd4 7. cxd4 Bb5 8. O-O
Bxd3 9. Qxd3 Nc6 10. Nc3 Nge7 11. Na4 Qd8 12. Bg5 h6 13. Bxe7 Bxe7 14. Rac1 Nb4
15. Qb3 Qd7 16. Nc5 Bxc5 17. Rxc5 Nc6 18. Rfc1 O-O 19. Qb5 Rfc8 20. a3 Kf8 21.
b4 Rc7 22. Qa4 Nxd4 23. Qxd7 Nxf3+ 24. gxf3 Rxd7 25. Rc7 Ke7 26. Kf1 Kd8 27.
R7c5 Ke7 28. Ke2 Rad8 29. Kd3 f6 30. f4 fxe5 31. fxe5 Rf8 32. Rf1 Rf3+ 0-1

[Event "C.to Regionale Piemonte"]
[Site "Torino ITA"]
[Date "2008.04.20"]
[Round "1"]
[White "Malano, Francesco"]
[Black "Termini, Luigi Robert"]
[Result "1-0"]
[WhiteElo "1939"]
[BlackElo "1459"]
[PlyCount "83"]
[EventDate "2008.04.20"]

1. Nf3 c5 2. g3 Nc6 3. Bg2 Nf6 4. O-O d5 5. d3 e5 6. Nbd2 Be7 7. e4 dxe4 8.
dxe4 O-O 9. c3 b5 10. b3 Qc7 11. Re1 Rd8 12. Qc2 a5 13. Bb2 Ba6 14. Bf1 b4 15.
Bxa6 Rxa6 16. Nc4 Nd7 17. cxb4 axb4 18. Ne3 Nd4 19. Bxd4 exd4 20. Nxd4 Qe5 21.
Nf3 Qh5 22. Kg2 Ne5 23. Nxe5 Qxe5 24. f4 Qc3 25. Qxc3 bxc3 26. Nd5 Bf8 27. Nxc3
Rd2+ 28. Re2 Rad6 29. Kf2 g6 30. Ke1 R2d3 31. e5 Ra6 32. Rc2 c4 33. Ke2 Bc5 34.
bxc4 Re3+ 35. Kf1 Bd4 36. Rac1 Ra3 37. Nb5 Rad3 38. Nxd4 Rxd4 39. c5 Rd8 40. c6
Rc8 41. c7 Rd3 42. Rb1 1-0

[Event "C.to Regionale Piemonte"]
[Site "Torino ITA"]
[Date "2008.04.20"]
[Round "1"]
[White "Marvin, Elio"]
[Black "Boetto, Massimo"]
[Result "0-1"]
[WhiteElo "1822"]
[BlackElo "2022"]
[PlyCount "110"]
[EventDate "2008.04.20"]

1. e4 c5 2. c4 Nc6 3. Nf3 g6 4. Be2 Bg7 5. O-O e6 6. Nc3 Nge7 7. d3 d6 8. Rb1
a6 9. a3 h6 10. h3 O-O 11. Be3 Nd4 12. Bxd4 cxd4 13. Na2 e5 14. b4 b5 15. Nd2
Be6 16. Nc1 h5 17. Ncb3 f5 18. exf5 Nxf5 19. c5 d5 20. Nf3 e4 21. dxe4 dxe4 22.
Nfd2 d3 23. Bxh5 gxh5 24. Qxh5 Bxb3 25. Rxb3 Nd4 26. Rbb1 Ne2+ 27. Kh2 Qd4 28.
Qg4 Rae8 29. Rbe1 Rxf2 30. Rxf2 Qxf2 31. Rf1 Qd4 32. Qg6 Qe5+ 33. g3 Qe6 34.
Rf6 Qxf6 35. Qxe8+ Qf8 36. Qxe4 Qf2+ 37. Qg2 Qxg2+ 38. Kxg2 Kf8 39. h4 Bf6 40.
Ne4 d2 41. Nf2 Nc3 42. Kf3 d1=Q+ 43. Nxd1 Nxd1 44. g4 Nc3 45. g5 Bg7 46. h5 Kf7
47. Kf4 Ke6 48. h6 Be5+ 49. Kg4 Nd5 50. Kh5 Kf5 51. c6 Nf4+ 52. Kh4 Ng6+ 53.
Kh5 Bf4 54. h7 Bxg5 55. h8=Q Nf4# 0-1

[Event "C.to Regionale Piemonte"]
[Site "Torino ITA"]
[Date "2008.04.20"]
[Round "1"]
[White "Parodi, Alessandro"]
[Black "Di Chiara, Mauro"]
[Result "1-0"]
[WhiteElo "2041"]
[BlackElo "1823"]
[PlyCount "98"]
[EventDate "2008.04.20"]

1. d4 d6 2. c4 f5 3. g3 Nf6 4. Bg2 g6 5. Nf3 Bg7 6. O-O O-O 7. b3 Ne4 8. Bb2 c5
9. Nbd2 Nc6 10. e3 a5 11. Nxe4 fxe4 12. Ng5 cxd4 13. exd4 Qb6 14. Bxe4 Bxd4 15.
Bxd4 Nxd4 16. Nxh7 Bh3 17. Nxf8 Rxf8 18. Qd3 Bxf1 19. Rxf1 e5 20. Bxg6 Nf3+ 21.
Kh1 Kg7 22. Bh5 Qc6 23. Bxf3 Rxf3 24. Qd5 Qxd5 25. cxd5 Rd3 26. Rc1 b5 27. Rc7+
Kf6 28. Ra7 Rxd5 29. Rxa5 e4 30. Kg2 Rd2 31. Kf1 b4 32. Ke1 Rc2 33. Rd5 Ke6 34.
Rd2 Rc1+ 35. Ke2 d5 36. f3 exf3+ 37. Kxf3 Ke5 38. h4 Rc3+ 39. Kg4 Ke4 40. h5 d4
41. h6 d3 42. h7 Rc8 43. Rh2 Rh8 44. Kg5 Ke3 45. Kg6 d2 46. Rh1 Ke2 47. Kg7
Rxh7+ 48. Kxh7 d1=Q 49. Rxd1 Kxd1 1-0

[Event "C.to Regionale Piemonte"]
[Site "Torino ITA"]
[Date "2008.04.20"]
[Round "1"]
[White "Quagliana, Giuseppe"]
[Black "Carnino, Luca"]
[Result "0-1"]
[WhiteElo "2071"]
[BlackElo "1849"]
[PlyCount "114"]
[EventDate "2008.04.20"]

1. d4 Nf6 2. Bf4 d6 3. e3 g6 4. Nf3 Bg7 5. Be2 O-O 6. O-O c6 7. c4 Nbd7 8. Nc3
Qc7 9. h3 e5 10. Bh2 Qb6 11. Rb1 exd4 12. exd4 d5 13. c5 Qd8 14. Bd3 Re8 15.
Qc2 Nf8 16. b4 Ne6 17. b5 Nh5 18. bxc6 bxc6 19. Ne2 Qa5 20. Rb3 Ba6 21. Rfb1
Bxd3 22. Rxd3 Qa6 23. g4 Nf6 24. Nc1 Nd7 25. Bd6 Nxd4 26. Nxd4 Bxd4 27. Rxd4
Re1+ 28. Kg2 Qf1+ 29. Kg3 Qg1+ 30. Kh4 h6 31. Bg3 Nf6 32. Bf4 g5+ 33. Bxg5
hxg5+ 34. Kxg5 Ne4+ 35. Rxe4 dxe4 36. Qd2 e3 37. fxe3 Qxe3+ 38. Qxe3 Rxe3 39.
h4 Re1 40. Kf6 Rae8 41. h5 R8e6+ 42. Kf5 Rf1+ 43. Kg5 Re5+ 44. Kh4 Rxc5 45.
Rb8+ Kg7 46. Ne2 Rc4 47. Rb7 Rf2 48. Re7 Rg2 49. Kh3 Rgxg4 50. Ng3 Rh4+ 51. Kg2
Rhf4 52. Rxa7 Ra4 53. Rc7 Rxa2+ 54. Kh3 Rc2 55. Rc8 Rc3 56. Kh2 Rf2+ 57. Kg1
Rcc2 0-1

[Event "C.to Regionale Piemonte"]
[Site "Torino ITA"]
[Date "2008.04.20"]
[Round "1"]
[White "Tallarico, Pierfrancesco"]
[Black "Moncelli, Giorgio"]
[Result "0-1"]
[WhiteElo "1882"]
[BlackElo "2099"]
[PlyCount "104"]
[EventDate "2008.04.20"]

1. c4 Nf6 2. Nc3 c5 3. g3 g6 4. Bg2 Bg7 5. Nf3 d5 6. cxd5 Nxd5 7. O-O Nc6 8.
Nxd5 Qxd5 9. d3 O-O 10. Be3 Qd6 11. Qd2 Bd7 12. Rac1 b6 13. Bh6 Rac8 14. Bxg7
Kxg7 15. e3 e5 16. a3 Rfd8 17. Rfd1 Qf6 18. Ne1 Bg4 19. f3 Be6 20. Rc3 a5 21.
Rdc1 h5 22. Qf2 Rd6 23. Bf1 Rcd8 24. Rd1 Qg5 25. Be2 f5 26. Ng2 Qf6 27. f4 e4
28. Ne1 exd3 29. Rdxd3 Rxd3 30. Bxd3 Bd5 31. Qe2 Re8 32. Bb5 Re7 33. Nf3 Nd4
34. Nxd4 cxd4 35. Rd3 Rxe3 36. Rxe3 dxe3 37. Qxe3 Qxb2 38. Qe7+ Bf7 39. Be8 Qb3
40. Qe5+ Kg8 41. Bxf7+ Kxf7 42. Qc7+ Kg8 43. Qd8+ Kg7 44. Qd4+ Kh7 45. Qd7+ Kh6
46. Qe7 Qb1+ 47. Kf2 Qc2+ 48. Kf1 Qc4+ 49. Kf2 Qc5+ 50. Qxc5 bxc5 51. Ke3 h4
52. Kd3 hxg3 0-1

[Event "C.to Regionale Piemonte"]
[Site "Torino ITA"]
[Date "2008.04.20"]
[Round "1"]
[White "Trusso Cafarello, Sebastiano"]
[Black "Ferretti, Carlo"]
[Result "0-1"]
[WhiteElo "1521"]
[BlackElo "1963"]
[PlyCount "46"]
[EventDate "2008.04.20"]

1. d4 Nf6 2. c4 c5 3. d5 b5 4. e3 g6 5. Nf3 Bg7 6. Be2 bxc4 7. Bxc4 d6 8. O-O
O-O 9. Nc3 Nbd7 10. e4 Ng4 11. Re1 Nde5 12. Nxe5 Nxe5 13. Bf1 Rb8 14. f4 Ng4
15. g3 Bd4+ 16. Kg2 Nf2 17. Qc2 Bh3+ 18. Kf3 Qc8 19. Bxh3 Qxh3 20. Re2 Ng4 21.
e5 Qh5 22. Ke4 Nxe5 23. g4 Qxg4 0-1

[Event "C.to Regionale Piemonte"]
[Site "Torino ITA"]
[Date "2008.04.20"]
[Round "1"]
[White "Zunino, Davide"]
[Black "Fassio, Francesco"]
[Result "0-1"]
[WhiteElo "1986"]
[BlackElo "1710"]
[PlyCount "128"]
[EventDate "2008.04.20"]

1. d4 d5 2. Nf3 Nf6 3. Bf4 Bf5 4. c4 c6 5. Qb3 Qc8 6. e3 e6 7. Nc3 Nbd7 8. Rc1
Be7 9. h3 h6 10. Bh2 O-O 11. Be2 dxc4 12. Bxc4 Nb6 13. Be2 Qd8 14. O-O Bd6 15.
Ne5 Rc8 16. Rfd1 Qe7 17. Bf3 Rfd8 18. e4 Bh7 19. Bg3 Nfd7 20. Ne2 Nxe5 21. dxe5
Bb8 22. a4 Rxd1+ 23. Rxd1 Qc5 24. Qd3 Bc7 25. b3 Qe7 26. Qe3 a5 27. Nf4 Rd8 28.
Rxd8+ Qxd8 29. Nd3 Nd7 30. Qd4 b6 31. Qc3 Nb8 32. Nb2 b5 33. Nd3 Bb6 34. Nc5
Qe7 35. Nd3 bxa4 36. bxa4 c5 37. Bf4 Nc6 38. Nb2 Nd4 39. Nc4 Qd8 40. Nd6 Qd7
41. Qb2 Qc6 42. Nc4 Bc7 43. Nxa5 Qxa4 44. Nb7 Qc6 45. Nd6 g5 46. Bg3 f6 47. Nc8
Kf7 48. Nd6+ Kf8 49. Nc4 Bxe4 50. Bxe4 Qxe4 51. Qa3 Ne2+ 52. Kh2 Qxc4 53. Qa8+
Ke7 54. exf6+ Kd7 55. Bxc7 Kxc7 56. Qa7+ Kd6 57. Qe7+ Ke5 58. f7 Qf4+ 59. Kh1
Qxf2 60. Qc7+ Ke4 61. Qc6+ Kd4 62. Qd6+ Kc3 63. Qe5+ Kd3 64. Qd5+ exd5 0-1

[Event "C.to Regionale Piemonte"]
[Site "Torino ITA"]
[Date "2008.04.21"]
[Round "2"]
[White "Boetto, Massimo"]
[Black "Carnino, Luca"]
[Result "0-1"]
[WhiteElo "2022"]
[BlackElo "1849"]
[PlyCount "64"]
[EventDate "2008.04.20"]

1. e4 c5 2. Nf3 d6 3. d4 cxd4 4. Nxd4 Nf6 5. Nc3 a6 6. Bg5 e6 7. f4 Be7 8. Qf3
O-O 9. O-O-O Nc6 10. Bxf6 gxf6 11. e5 fxe5 12. Nxc6 bxc6 13. fxe5 d5 14. Bd3 f5
15. exf6 Bxf6 16. Qg4+ Kh8 17. Bxh7 Kxh7 18. Rd3 Bg5+ 19. Kb1 e5 20. Qh5+ Bh6
21. Qxe5 Bf5 22. Rg3 Rb8 23. Re1 Qd7 24. Qe7+ Qxe7 25. Rxe7+ Kh8 26. Ra7 Bc8
27. a3 Rb7 28. Rxa6 Rxb2+ 29. Kxb2 Bxa6 30. Rg6 Rb8+ 31. Ka1 Bg7 32. Rxc6 Bc4
0-1

[Event "C.to Regionale Piemonte"]
[Site "Torino ITA"]
[Date "2008.04.21"]
[Round "2"]
[White "Di Chiara, Mauro"]
[Black "Berutti, Mario"]
[Result "1/2-1/2"]
[WhiteElo "1823"]
[BlackElo "1757"]
[PlyCount "99"]
[EventDate "2008.04.20"]

1. Nf3 d5 2. d4 f5 3. c4 e6 4. Nc3 Nf6 5. Bf4 c6 6. e3 Bd6 7. Ne5 O-O 8. Qc2
Ne4 9. h4 Nd7 10. Nxe4 fxe4 11. Nxc6 Qc7 12. Ne7+ Kh8 13. Bxd6 Qxd6 14. Nxc8
Raxc8 15. Be2 e5 16. O-O Qf6 17. g3 exd4 18. exd4 Qxd4 19. Rad1 Qc5 20. b4 Qxb4
21. Rxd5 Nb6 22. Rd4 e3 23. f4 Rcd8 24. Qe4 Rxd4 25. Qxd4 Qd2 26. Qxd2 exd2 27.
Rd1 Rd8 28. Kf2 Na4 29. Ke3 Nc3 30. Rxd2 Rxd2 31. Kxd2 Ne4+ 32. Kd3 Nxg3 33.
Bg4 Kg8 34. c5 Kf8 35. a4 Ke7 36. a5 Kd8 37. Kc4 g6 38. Kd5 Kc7 39. Ke6 Nf1 40.
Kf6 Ne3 41. Bf3 Nf5 42. h5 Nd4 43. hxg6 hxg6 44. Be4 Nb3 45. Kxg6 Nxc5 46. Bc2
Kc6 47. f5 Kb5 48. f6 Nd7 49. Be4 Kxa5 50. Bxb7 1/2-1/2

[Event "C.to Regionale Piemonte"]
[Site "Torino ITA"]
[Date "2008.04.21"]
[Round "2"]
[White "Fassio, Francesco"]
[Black "Finocchiaro, Gianluca"]
[Result "0-1"]
[WhiteElo "1710"]
[BlackElo "1991"]
[PlyCount "50"]
[EventDate "2008.04.20"]

1. c4 e5 2. Nc3 f5 3. g3 Nf6 4. Bg2 d6 5. e3 g6 6. Nge2 Bg7 7. O-O O-O 8. d4
Nc6 9. a3 Qe8 10. b4 g5 11. h3 Qh5 12. dxe5 dxe5 13. f4 exf4 14. exf4 Ne4 15.
Qc2 Nd4 16. Nxd4 Bxd4+ 17. Kh2 Bxc3 18. Bb2 Bxb2 19. Qxb2 Be6 20. Rac1 Rad8 21.
Qe5 Rfe8 22. Qxc7 Rd2 23. Rfe1 Qf3 24. Rg1 Qxg3+ 25. Kh1 Nf2# 0-1

[Event "C.to Regionale Piemonte"]
[Site "Torino ITA"]
[Date "2008.04.21"]
[Round "2"]
[White "Ferretti, Carlo"]
[Black "Fortino, Fabrizio"]
[Result "0-1"]
[WhiteElo "1963"]
[BlackElo "2079"]
[PlyCount "58"]
[EventDate "2008.04.20"]

1. f4 e5 2. e4 d5 3. exd5 e4 4. Nc3 Nf6 5. d3 Bb4 6. Bd2 e3 7. Bxe3 Nxd5 8. Bd2
O-O 9. Nxd5 Re8+ 10. Ne3 Rxe3+ 11. Kf2 Re8 12. c3 Ba5 13. Nf3 Nd7 14. Be2 Nf6
15. Re1 Bb6+ 16. Kf1 Nd5 17. d4 Qf6 18. c4 Ne3+ 19. Bxe3 Rxe3 20. Bd3 Qxf4 21.
Rxe3 Qxe3 22. Qc2 Bd7 23. Re1 Qh6 24. c5 Ba5 25. Rb1 c6 26. Qf2 Be6 27. b4 Bc7
28. Re1 Bxh2 29. g3 Qh3+ 0-1

[Event "C.to Regionale Piemonte"]
[Site "Torino ITA"]
[Date "2008.04.21"]
[Round "2"]
[White "Leoni, Alessandro"]
[Black "Loccisano, Giuseppe"]
[Result "1-0"]
[WhiteElo "1897"]
[BlackElo "1700"]
[PlyCount "32"]
[EventDate "2008.04.20"]

1. e4 e6 2. d4 d5 3. Nc3 Nf6 4. Bg5 dxe4 5. Nxe4 Be7 6. Nxf6+ Bxf6 7. Bxf6 Qxf6
8. Nf3 Nd7 9. Qd2 O-O 10. O-O-O c5 11. Bd3 b5 12. Ng5 g6 13. Ne4 Qe7 14. dxc5
Nxc5 15. Qf4 Nxe4 16. Bxe4 Rb8 1-0

[Event "C.to Regionale Piemonte"]
[Site "Torino ITA"]
[Date "2008.04.21"]
[Round "2"]
[White "Martin, Tiziano"]
[Black "Gallucci, Alessio"]
[Result "0-1"]
[WhiteElo "1977"]
[BlackElo "2175"]
[PlyCount "50"]
[EventDate "2008.04.20"]

1. e4 c5 2. c3 d5 3. d3 e5 4. Nf3 Nc6 5. Nbd2 Nf6 6. Qc2 Be7 7. Be2 O-O 8. O-O
b5 9. a4 b4 10. Re1 Qc7 11. exd5 Nxd5 12. Bf1 Bg4 13. g3 Rad8 14. Bg2 Rfe8 15.
Nc4 Bf6 16. Bd2 Bf5 17. Rad1 Nb6 18. Nxb6 Bxd3 19. Qc1 Qxb6 20. cxb4 Nxb4 21.
Bc3 Na2 22. Qe3 Nxc3 23. bxc3 c4 24. Qxb6 axb6 25. Nd2 Bc2 0-1

[Event "C.to Regionale Piemonte"]
[Site "Torino ITA"]
[Date "2008.04.21"]
[Round "2"]
[White "Medaglia, Enzo"]
[Black "Sattanino, Andrea"]
[Result "0-1"]
[WhiteElo "1820"]
[BlackElo "1840"]
[PlyCount "84"]
[EventDate "2008.04.20"]

1. e4 e5 2. Bc4 Nf6 3. d3 Be7 4. Nc3 O-O 5. f4 exf4 6. Bxf4 d6 7. Nf3 Nc6 8. a3
Nh5 9. Be3 Bg4 10. O-O Ne5 11. Ba2 Nxf3+ 12. gxf3 Bh3 13. Re1 Bh4 14. f4 Bxe1
15. Qxh5 Qh4 16. Qf3 Bxc3 17. bxc3 Qg4+ 18. Qg3 Qxg3+ 19. hxg3 Kh8 20. Kf2 Rae8
21. Rg1 f5 22. exf5 Bxf5 23. g4 Be6 24. c4 b5 25. Ke2 bxc4 26. dxc4 Bg8 27. Kd3
Re7 28. Rb1 Rfe8 29. Bd2 h6 30. Rb7 c5 31. Rxe7 Rxe7 32. f5 Bf7 33. Bb3 Kg8 34.
c3 g5 35. Ba4 Kg7 36. Bc6 Kf6 37. Be4 Bxc4+ 38. Kxc4 Rxe4+ 39. Kd5 Rxg4 40.
Kxd6 Kxf5 41. Kxc5 Ra4 42. Kd5 Rxa3 0-1